Statystyki dla Przyłącz losową amerykańską flagę do państwa

Kliknij tutaj aby rozwiązać quiz!

Ogólne statystyki

  • Ten quiz został rozwiązany 1 048 razy
  • Średni wynik to 6 z 8

Statystyki odpowiedzi

Odpowiedź% Poprawnych
Kanada
99%
Stany Zjednoczone
98%
Meksyk
97%
Argentyna
96%
Chile
95%
Brazylia
94%
Kolumbia
94%
Jamajka
92%
Urugwaj
91%
Kuba
90%
Ekwador
86%
Kostaryka
85%
Peru
85%
Dominikana
83%
Panama
81%
Barbados
79%
Salwador
78%
Wenezuela
78%
Gujana
77%
Bahamy
76%
Haiti
76%
Trynidad i Tobago
75%
Grenada
74%
Honduras
73%
Dominika
72%
Paragwaj
72%
Boliwia
71%
Gwatemala
69%
Belize
68%
Antigua i Barbuda
66%
Surinam
64%
Nikaragua
63%
Saint Lucia
61%
Saint Vincent i Grenadyny
52%
Saint Kitts i Nevis
47%

Rozkład punktacji

Percentyl według liczby udzielonych odpowiedzi

Procent ludzi z każdym wynikiem

Twoja historia wyników

Nie rozwiązałeś tego quizu